01773nam a22002297a 4500003001700000005001700017008004100034020001800075040000700093041001200100082001600112100002500128245006100153260004400214300002800258365005400286520096000340650006601300942001201366999001901378952014601397St Aloysius Coll20260129163655.0251203b |||||||| |||| 00| 0 eng d a9789361310317 cAL aEnglish a158.1bRAOS aSrikumar Rao9247314 aSeventh jarb: Your path to personal mastery and success aNew DelhibBloomsbury Publishing c2025 a170p.bPBc21.5x13.5cm. 2GeneralaLKO1-4438445c₹f13/11/2025b₹286.00 aAre you chasing your ideal life but unsure of how to get there? You are not alone. Acclaimed executive coach Srikumar Rao’s legendary Creativity and Personal Mastery programme from Columbia Business School is now available to you! Learn to identify the building blocks of your reality: your ‘mental chatter’ and ‘mental models’ that direct nearly every aspect of your life – from your job performance and the way you spend money to your personal relationships. Let yourself be guided through a series of powerful exercises to help break down the unproductive thought forms driving your life and then rebuild them with new models aligned with your authentic purpose. In The Seventh Jar, Srikumar Rao draws from Vedantic precepts, Jesuit teachings, Zen principles and other traditions to create a treasury of tried-and-true practices that will help cultivate awareness and replace stress and anxiety with lasting fulfilment, passion and purpose. 2Applied PsychologyaPersonal improvement and analysis9247315 2ddccBK c240704d240704 00102ddc40708MAENGaSACPGbSACPGd2025-11-21eAmazong286.00l1m1o158.1 RAOSpPG025139r2026-01-02 10:32:01s2025-12-11w0000-00-00yBK